书目信息 |
| 题名: |
市内电话明线线路
|
|
| 作者: | 童永春 编著 | |
| 分册: | ||
| 出版信息: | 北京 人民邮电出版社 1985 |
|
| 页数: | 275页 | |
| 开本: | 19cm | |
| 丛书名: | ||
| 单 册: | ||
| 中图分类: | TN916.2 | |
| 科图分类: | ||
| 主题词: | 电话 | |
| 电子资源: | ||
| ISBN: | ||
| 000 | 00601nam0 2200217 45 | |
| 001 | 0405141190 | |
| 005 | 20040514110501.9 | |
| 010 | @dCNY1.55 | |
| 091 | @a15045总2989-市364 | |
| 100 | @a20040514d1985 km y0chiy0120 ea | |
| 101 | 0 | @achi |
| 105 | @a z 000yy | |
| 200 | 1 | @a市内电话明线线路@AShi Nei Dian Hua Ming Xian Xian Lu@f童永春编著@FTong Yong Chun Bian Zhu |
| 210 | @a北京@c人民邮电出版社@d1985 | |
| 215 | @a275页@d19cm | |
| 300 | @a邮电职工教育用书 | |
| 606 | 0 | @a电话 |
| 690 | @aTN916.2@v3 | |
| 701 | 0 | @a童永春@4编著 |
| 801 | @aCN@bTSTCL@c20040514 | |
| 905 | @f1@b147541@dTN916.2@e13 | |
| 市内电话明线线路/童永春编著.-北京:人民邮电出版社,1985 |
| 275页;19cm |
| 邮电职工教育用书 |
| ISBN :CNY1.55 |
| ● |
| 相关链接 |
|
|
|
|
正题名:市内电话明线线路
索取号:TN916.2/13
 
预约/预借
| 序号 | 登录号 | 条形码 | 馆藏地/架位号 | 状态 | 备注 |
| 1 | 0147541 | 001323393 | 第三借阅区/ [索取号:TN916.2/13] | 在馆 | |
| 2 | 0147542 | 202103080 | 第二样本阅览室/ [索取号:TN916.2/13] | 在馆 |